000 00551nam a2200229 a 4500
001 nice12345678
003 IN_TiNIC
005 20260116012811.0
008 050524s1986 dela grp 000 0 eng
020 _a
_c95
082 0 0 _a305.6297
_bBAR1
100 _aBartold, V V
245 _aCultural History of the Muslims
260 _aDelhi
_bMittal Publication
_c1986
300 _a146p
500 _aincludes index and biblioraphy
505 2 _aBibliography
650 _aIslamic-Culture
902 _bSRS
942 _cBK
999 _c8425
_d8425